IT Systems management / (Record no. 7427)

MARC details
000 -LEADER
fixed length control field 00629nam a22002052 4500
001 - CONTROL NUMBER
control field 0000007175
005 - DATE AND TIME OF LATEST TRANSACTION
control field 20151217152025.0
008 - FIXED-LENGTH DATA ELEMENTS--GENERAL INFORMATION
fixed length control field 071126s xx 000 0 eng d
020 ## - INTERNATIONAL STANDARD BOOK NUMBER
International Standard Book Number 812032238x :
Terms of availability KES 760
040 ## - CATALOGING SOURCE
Original cataloging agency KABU
Transcribing agency KABU
100 1# - MAIN ENTRY--PERSONAL NAME
Personal name Schiesser, Rich.
-- 0000158262
245 10 - TITLE STATEMENT
Title IT Systems management /
Statement of responsibility, etc. Rich Schiesser.
260 ## - PUBLICATION, DISTRIBUTION, ETC. (IMPRINT)
Place of publication, distribution, etc. New Delhi :
Name of publisher, distributor, etc. Prentice-Hall of India,
Date of publication, distribution, etc. 2002.
300 ## - PHYSICAL DESCRIPTION
Extent xxxviii, 487 p.
650 #0 - SUBJECT ADDED ENTRY--TOPICAL TERM
Topical term or geographic name as entry element Information resource management.
-- 0000156075
650 #0 - SUBJECT ADDED ENTRY--TOPICAL TERM
Topical term or geographic name as entry element Information technology.
-- 0000150287
908 ## - PUT COMMAND PARAMETER (RLIN)
Put command parameter 071126
950 ## - LOCAL HOLDINGS (RLIN)
-- 1
Holdings
Withdrawn status Lost status Source of classification or shelving scheme Not for loan Home library Current library Date acquired Total Checkouts Full call number Barcode Date last seen Price effective from Koha item type
    Library of Congress Classification   Kabarak, Main Campus Kabarak, Main Campus 17/12/2015   T58.64 .S35 011265 17/12/2015 17/12/2015 General Collection
Designed with assistance from East African Informatics Ltd